Understanding political alignments in contemporary Britain: do localities matter?
שמור ב:
| מחבר ראשי: | |
|---|---|
| פורמט: | Texto |
| יצא לאור: |
s.l.:
Butterworth & Co
|
| נושאים: | |
| תגים: |
הוספת תג
אין תגיות, היה/י הראשונ/ה לתייג את הרשומה!
|
MARC
| LEADER | 00000 a a2200000 04500 | ||
|---|---|---|---|
| 001 | 32882 | ||
| 003 | |||
| 040 | |||
| 090 | |a 205200 | ||
| 100 | |a Savage, Mike | ||
| 245 | |a Understanding political alignments in contemporary Britain: do localities matter? | ||
| 260 | |a s.l.: |b Butterworth & Co | ||
| 300 | |a pp. 53-76 | ||
| 650 | |a GEOGRAFIA POLITICA | ||
| 650 | |a COMPORTAMIENTO POLITICO | ||
| 650 | |a DESARROLLO POLITICO | ||
| 650 | |a ELECCIONES | ||
| 650 | |a ANALISIS ESTADISTICO | ||
| 999 | |c 16051 |d 16051 | ||
